<?xml version='1.0' encoding='UTF-8'?>
  <record xmlns="http://www.loc.gov/MARC21/slim">
    <leader>00000cam a2200000 i 4500</leader>
    <controlfield tag="001">on1409200123</controlfield>
    <controlfield tag="003">OCoLC</controlfield>
    <controlfield tag="005">20250805122009.7</controlfield>
    <controlfield tag="008">231114s1516    fr            000 0 lat d</controlfield>
    <datafield tag="040" ind1=" " ind2=" ">
      <subfield code="a">QGJ</subfield>
      <subfield code="b">eng</subfield>
      <subfield code="e">rda</subfield>
      <subfield code="e">dcrmr</subfield>
      <subfield code="c">QGJ</subfield>
      <subfield code="d">QGJ</subfield>
      <subfield code="d">OCLCL</subfield>
      <subfield code="d">OCLCQ</subfield>
      <subfield code="d">QGJ</subfield>
    </datafield>
    <datafield tag="035" ind1=" " ind2=" ">
      <subfield code="a">(OCoLC)1409200123</subfield>
    </datafield>
    <datafield tag="100" ind1="1" ind2=" ">
      <subfield code="a">Erasmus, Desiderius,</subfield>
      <subfield code="d">-1536,</subfield>
      <subfield code="e">author.</subfield>
      <subfield code="4">aut</subfield>
      <subfield code="1">https://id.oclc.org/worldcat/entity/E39PBJwHfjfbWJYxDvw6tXDXh3</subfield>
    </datafield>
    <datafield tag="245" ind1="1" ind2="0">
      <subfield code="a">D. Erasmi Roterodami viri vndecunq[ue] doctissimi Lucubrationes, quarum Index positus est facie sequenti.</subfield>
    </datafield>
    <datafield tag="246" ind1="3" ind2="0">
      <subfield code="a">Lucubrationes</subfield>
    </datafield>
    <datafield tag="264" ind1=" " ind2="1">
      <subfield code="a">In libera Argentina :</subfield>
      <subfield code="b">apud Matthiam Schurerium,</subfield>
      <subfield code="c">Mense Iunio. Anno M. D. XVI. [1516]</subfield>
    </datafield>
    <datafield tag="300" ind1=" " ind2=" ">
      <subfield code="a">285, [15] pages ;</subfield>
      <subfield code="c">20 cm (4to)</subfield>
    </datafield>
    <datafield tag="336" ind1=" " ind2=" ">
      <subfield code="a">text</subfield>
      <subfield code="b">txt</subfield>
      <subfield code="2">rdacontent</subfield>
    </datafield>
    <datafield tag="337" ind1=" " ind2=" ">
      <subfield code="a">unmediated</subfield>
      <subfield code="b">n</subfield>
      <subfield code="2">rdamedia</subfield>
    </datafield>
    <datafield tag="338" ind1=" " ind2=" ">
      <subfield code="a">volume</subfield>
      <subfield code="b">nc</subfield>
      <subfield code="2">rdacarrier</subfield>
    </datafield>
    <datafield tag="340" ind1=" " ind2=" ">
      <subfield code="m">4to</subfield>
      <subfield code="2">rdabf</subfield>
    </datafield>
    <datafield tag="500" ind1=" " ind2=" ">
      <subfield code="a">Printer's and date of publication from colophon, which reads: Excusum est hoc opus summa cura, laboreq[ue]. Argentorati apud Matthiam Schurerium Mense Iunio. Anno M. D. XVI. Regnante magnanino impe.Caesa. Maximiliano. P.F. Aug. P.Q.P.</subfield>
    </datafield>
    <datafield tag="500" ind1=" " ind2=" ">
      <subfield code="a">Imprint: In libera Argentina Ex recognitionis authoris. Cum gratia &amp; priuilegio Imperiali ad sexennium.</subfield>
    </datafield>
    <datafield tag="500" ind1=" " ind2=" ">
      <subfield code="a">Title within historiated woodcut border, showing David, Esaias, Saint Paul and Saint John and the four fathers of the Western Church.</subfield>
    </datafield>
    <datafield tag="500" ind1=" " ind2=" ">
      <subfield code="a">Initials.</subfield>
    </datafield>
    <datafield tag="500" ind1=" " ind2=" ">
      <subfield code="a">Signatures: pi⁴ A-Q⁸/⁴ R⁴ S-V⁸ X-Y⁴ Z⁸ Aa⁴ Bb⁸.</subfield>
    </datafield>
    <datafield tag="510" ind1="4" ind2=" ">
      <subfield code="a">Verzeichnis der im deutschen Sprachbereich erschienenen Drucke des 16. Jahrhunderts (VD 16),</subfield>
      <subfield code="c">E 2748</subfield>
      <subfield code="u">https://gateway-bayern.de/VD16+E+2748</subfield>
    </datafield>
    <datafield tag="510" ind1="4" ind2=" ">
      <subfield code="3">Erasmus. Desiderius. Carmina de angelis:</subfield>
      <subfield code="a">Verzeichnis der im deutschen Sprachbereich erschienenen Drucke des 16. Jahrhunderts (VD 16),</subfield>
      <subfield code="c">E 2092</subfield>
      <subfield code="u">https://gateway-bayern.de/VD16+E+2092</subfield>
    </datafield>
    <datafield tag="510" ind1="4" ind2=" ">
      <subfield code="3">Erasmus. Desiderius. Oratio in laudem pueri Jesu:</subfield>
      <subfield code="a">Verzeichnis der im deutschen Sprachbereich erschienenen Drucke des 16. Jahrhunderts (VD 16),</subfield>
      <subfield code="c">E 2468</subfield>
      <subfield code="u">https://gateway-bayern.de/VD16+E+2468</subfield>
    </datafield>
    <datafield tag="510" ind1="4" ind2=" ">
      <subfield code="3">Erasmus. Desiderius. Disputatio de taedio et pavore Christi:</subfield>
      <subfield code="a">Verzeichnis der im deutschen Sprachbereich erschienenen Drucke des 16. Jahrhunderts (VD 16),</subfield>
      <subfield code="c">E 2632</subfield>
      <subfield code="u">https://gateway-bayern.de/VD16+E+2632</subfield>
    </datafield>
    <datafield tag="510" ind1="4" ind2=" ">
      <subfield code="3">Erasmus. Desiderius. Enarratio allegorica in primum psalmum:</subfield>
      <subfield code="a">Verzeichnis der im deutschen Sprachbereich erschienenen Drucke des 16. Jahrhunderts (VD 16),</subfield>
      <subfield code="c">E 2729</subfield>
      <subfield code="u">https://gateway-bayern.de/VD16+E+2729</subfield>
    </datafield>
    <datafield tag="510" ind1="4" ind2=" ">
      <subfield code="3">Erasmus. Desiderius. Exhortatio ad virtutem:</subfield>
      <subfield code="a">Verzeichnis der im deutschen Sprachbereich erschienenen Drucke des 16. Jahrhunderts (VD 16),</subfield>
      <subfield code="c">E 2895</subfield>
      <subfield code="u">https://gateway-bayern.de/VD16+E+2895</subfield>
    </datafield>
    <datafield tag="510" ind1="4" ind2=" ">
      <subfield code="3">Erasmus. Desiderius. Carmen Jesu ad mortales:</subfield>
      <subfield code="a">Verzeichnis der im deutschen Sprachbereich erschienenen Drucke des 16. Jahrhunderts (VD 16),</subfield>
      <subfield code="c">E 2985</subfield>
      <subfield code="u">https://gateway-bayern.de/VD16+E+2985</subfield>
    </datafield>
    <datafield tag="510" ind1="4" ind2=" ">
      <subfield code="3">Erasmus. Desiderius. Obsecratio ad Mariam in rebus adversis:</subfield>
      <subfield code="a">Verzeichnis der im deutschen Sprachbereich erschienenen Drucke des 16. Jahrhunderts (VD 16),</subfield>
      <subfield code="c">E 3215</subfield>
      <subfield code="u">https://gateway-bayern.de/VD16+E+3215</subfield>
    </datafield>
    <datafield tag="510" ind1="4" ind2=" ">
      <subfield code="3">Erasmus. Desiderius. Paean virgini matri canendus:</subfield>
      <subfield code="a">Verzeichnis der im deutschen Sprachbereich erschienenen Drucke des 16. Jahrhunderts (VD 16),</subfield>
      <subfield code="c">E 3227</subfield>
      <subfield code="u">https://gateway-bayern.de/VD16+E+3227</subfield>
    </datafield>
    <datafield tag="510" ind1="4" ind2=" ">
      <subfield code="3">Erasmus, Desiderius. Precatio ad ... Jesum:</subfield>
      <subfield code="a">Verzeichnis der im deutschen Sprachbereich erschienenen Drucke des 16. Jahrhunderts (VD 16),</subfield>
      <subfield code="c">E 3435</subfield>
      <subfield code="u">https://gateway-bayern.de/VD16+E+3435</subfield>
    </datafield>
    <datafield tag="510" ind1="4" ind2=" ">
      <subfield code="a">Haeghen, F. van der. Bibliotheca Erasmiana,</subfield>
      <subfield code="c">ser. 1, p. 119.</subfield>
    </datafield>
    <datafield tag="510" ind1="4" ind2=" ">
      <subfield code="a">Bezzel, I. Erasmusdrucke des 16. Jahrhunderts in Bayerischen Bibliotheken,</subfield>
      <subfield code="c">849</subfield>
    </datafield>
    <datafield tag="505" ind1="0" ind2="0">
      <subfield code="t">Enchiridion Militis christiani. --</subfield>
      <subfield code="t">Disputatio de Tedio &amp; pauore Christi. --</subfield>
      <subfield code="t">Exhortatio ad virtutem, ad Adolphu[m] principe[m] Veriensem. --</subfield>
      <subfield code="t">Precatio ad Virginis filium Iesum. --</subfield>
      <subfield code="t">Paean Virgini Matri canendus, compositus in gratiam dominae Veriensis. --</subfield>
      <subfield code="t">Obsecratio ad Mariam in rebus aduersis. --</subfield>
      <subfield code="t">Oratio in laudem pueri Iesu. --</subfield>
      <subfield code="t">Enarratio allegorica in primu[m] psalmum Beatus vir. /</subfield>
      <subfield code="r">iam pridem reuisa ab Erasmo. --</subfield>
      <subfield code="t">Carmen de casa natalicia pueri Iesu. --</subfield>
      <subfield code="t">Carmen Iesu ad mortales. --</subfield>
      <subfield code="t">Carmina complura de puero Iesu. --</subfield>
      <subfield code="t">Carmina de Angelis. --</subfield>
      <subfield code="t">Carmen graecanicum Virgini sacrum Mariae.</subfield>
    </datafield>
    <datafield tag="520" ind1=" " ind2=" ">
      <subfield code="a">Reprints some of Erasmus' earliest writings from the 1503, Antwerp, Lucubrat, including the Enchiridion Mil. Christ. and the Latin poems which he had composed as a student in Paris. The Disputation on the Anguish of Christ originated in a conversation between Erasmus and John Colet at Oxford in 1498 or 9. To theses the editor, Gerbelius, has added some others, all difficult to find in early editions, notably the Contio de Puero Jesu, an "exercise" composed by Erasmus to be recited by a boy in Colet's St. Paul's school founded in 1510.</subfield>
    </datafield>
    <datafield tag="650" ind1=" " ind2="0">
      <subfield code="a">Christian literature, Latin (Medieval and modern)</subfield>
    </datafield>
    <datafield tag="650" ind1=" " ind2="6">
      <subfield code="a">Littérature chrétienne latine médiévale et moderne.</subfield>
    </datafield>
    <datafield tag="650" ind1=" " ind2="7">
      <subfield code="a">Christian literature, Latin (Medieval and modern)</subfield>
      <subfield code="2">fast</subfield>
    </datafield>
    <datafield tag="700" ind1="1" ind2="2">
      <subfield code="i">Container of (work):</subfield>
      <subfield code="a">Erasmus, Desiderius,</subfield>
      <subfield code="d">-1536.</subfield>
      <subfield code="t">Enchiridion militis Christiani.</subfield>
    </datafield>
    <datafield tag="700" ind1="1" ind2="2">
      <subfield code="i">Container of (work):</subfield>
      <subfield code="a">Erasmus, Desiderius,</subfield>
      <subfield code="d">-1536.</subfield>
      <subfield code="t">Disputatiuncula de taedio, pavore, tristicia Iesu.</subfield>
    </datafield>
    <datafield tag="700" ind1="1" ind2="2">
      <subfield code="i">Container of (work):</subfield>
      <subfield code="a">Erasmus, Desiderius,</subfield>
      <subfield code="d">-1536.</subfield>
      <subfield code="t">Epistola exhortatoria ad capessendam virtutem.</subfield>
    </datafield>
    <datafield tag="700" ind1="1" ind2="2">
      <subfield code="i">Container of (work):</subfield>
      <subfield code="a">Erasmus, Desiderius,</subfield>
      <subfield code="d">-1536.</subfield>
      <subfield code="t">Precatio ad Virginis filium Iesum.</subfield>
    </datafield>
    <datafield tag="700" ind1="1" ind2="2">
      <subfield code="i">Container of (work):</subfield>
      <subfield code="a">Erasmus, Desiderius,</subfield>
      <subfield code="d">-1536.</subfield>
      <subfield code="t">Paean Virgini Matri dicendus.</subfield>
    </datafield>
    <datafield tag="700" ind1="1" ind2="2">
      <subfield code="i">Container of (work):</subfield>
      <subfield code="a">Erasmus, Desiderius,</subfield>
      <subfield code="d">-1536.</subfield>
      <subfield code="t">Obsecratio ad Virginem Mariam in rebus adversis.</subfield>
    </datafield>
    <datafield tag="700" ind1="1" ind2="2">
      <subfield code="i">Container of (work):</subfield>
      <subfield code="a">Erasmus, Desiderius,</subfield>
      <subfield code="d">-1536.</subfield>
      <subfield code="t">Concio de puero Jesu.</subfield>
    </datafield>
    <datafield tag="700" ind1="1" ind2="2">
      <subfield code="i">Container of (work):</subfield>
      <subfield code="a">Erasmus, Desiderius,</subfield>
      <subfield code="d">-1536.</subfield>
      <subfield code="t">Enarratio in Psalmum primum.</subfield>
    </datafield>
    <datafield tag="700" ind1="1" ind2="2">
      <subfield code="i">Container of (work):</subfield>
      <subfield code="a">Erasmus, Desiderius,</subfield>
      <subfield code="d">-1536.</subfield>
      <subfield code="t">Poems.</subfield>
      <subfield code="k">Selections.</subfield>
    </datafield>
    <datafield tag="700" ind1="1" ind2=" ">
      <subfield code="a">Gerbel, Nicolaus,</subfield>
      <subfield code="d">approximately 1485-1560,</subfield>
      <subfield code="e">editor.</subfield>
      <subfield code="4">edt</subfield>
      <subfield code="1">https://id.oclc.org/worldcat/entity/E39PBJyh9G4jvQv4FKRywQCfbd</subfield>
    </datafield>
    <datafield tag="700" ind1="1" ind2=" ">
      <subfield code="a">Schürer, Matthias,</subfield>
      <subfield code="d">approximately 1470-1519,</subfield>
      <subfield code="e">printer.</subfield>
      <subfield code="4">prt</subfield>
      <subfield code="1">https://id.oclc.org/worldcat/entity/E39PBJvMtgwbbjJDpyx9pwHDMP</subfield>
    </datafield>
    <datafield tag="752" ind1=" " ind2=" ">
      <subfield code="a">France</subfield>
      <subfield code="d">Strasbourg,</subfield>
      <subfield code="e">publication place.</subfield>
      <subfield code="4">pup</subfield>
    </datafield>
  </record>